Warrior cats whisker names - Statistics

General Stats
  • This quiz has been taken 78 times
    22 since last reset
  • The average score is 11 of 40
Answer Stats
% Correct
Onewhisker
73%
Featherwhisker
64%
Mousewhisker
64%
Rainwhisker
64%
Graywhisker
55%
Reedwhisker
55%
Sagewhisker
55%
Blue whisker
45%
Harewhisker
45%
Icewhisker
45%
Grasswhisker
36%
Sleekwhisker
36%
Squirrelwhisker
36%
Beetlewhisker
27%
Foxwhisker
27%
Hopwhisker
27%
Lilywhisker
27%
MolewhiskerRc
27%
MolewhiskerTc
27%
OatwhiskerTc
27%
OatwhiskerWc
27%
Sedgewhisker
27%
Maplewhisker
18%
Mothwhisker
18%
Owlwhisker
18%
Waspwhisker
18%
Brightwhisker
9%
Dark whiskers
9%
Flywhisker
9%
Fringewhisker
9%
Frondwhisker
9%
Gustwhisker
9%
Hootwhisker
9%
Morning whisker
9%
Nutwhisker
9%
Ryewhisker
9%
Tanglewhisker
9%
Thornwhisker
9%
Weaselwhisker
9%
Weedwhisker
9%
No matching quizzes found
Score Distribution
Percent of People with Each Score
Percentile by Number Answered
Your Score History
You have not taken this quiz since the last reset